Sports Quiz

Random Sports or WWE Quiz

Complete the Card: Wrestlemania 16 Quiz Stats

 Plays Quiz not verified by Sporcle

Challenge
Share
Tweet
Embed
Score 0/64 Timer 08:00
0 Plays Today
% Correct
The Rock
97.3%
Triple H
97.2%
Edge
94.7%
Mick Foley
94.5%
The Big Show
94.2%
Jeff Hardy
94.1%
Matt Hardy
94.1%
Christian
94%
Shane McMahon
93.8%
Vince McMahon
93.7%
Stephanie McMahon
93.6%
Linda McMahon
93.6%
Bubba Ray Dudley
93.4%
D-Von Dudley
93.4%
Chris Jericho
92.6%
Chris Benoit
90.6%
Kurt Angle
90.3%
Kane
89.1%
Hardcore Holly
87.7%
Crash Holly
87.3%
Jerry Lawler
85.5%
X-Pac
85%
Chyna
84.9%
Jim Ross
84.2%
Eddie Guerrero
82.1%
Test
80.2%
Trish Stratus
79.9%
Albert
76.5%
Perry Saturn
75.4%
Dean Malenko
74.9%
Michael Cole
73.5%
Road Dogg
72.9%
% Correct
The Kat
72.4%
Howard Finkel
72.3%
Bradshaw
71.3%
The Godfather
71.3%
Rikishi
71.1%
D'Lo Brown
71.1%
Al Snow
69.9%
Tori
69.3%
Scotty 2 Hotty
69.2%
Val Venis
68.5%
Faarooq
68.4%
Grand Master Sexay
67.9%
Steve Blackman
65.9%
The Big Boss Man
65.3%
Terri Runnels
61.2%
Paul Bearer
60.1%
Tazz
59.9%
Bull Buchanan
57.7%
Mae Young
54.3%
The Fabulous Moolah
53.9%
Viscera
52.9%
Lilian Garcia
50.6%
Kevin Kelly
49.3%
Headbanger Mosh
48.5%
Headbanger Thrasher
48.2%
Pete Gas
47.5%
Joey Abs
46.4%
Ice-T
44.9%
Rodney
44.6%
Funaki
42.5%
Taka Michinoku
39.1%
Pete Rose
35.6%

You're not logged in!

Compare scores with friends on all Sporcle quizzes.
Join for Free
OR
Log In

You Might Also Like...

Show Comments

Extras

Top Quizzes Today


Score Distribution

Your Account Isn't Verified!

In order to create a playlist on Sporcle, you need to verify the email address you used during registration. Go to your Sporcle Settings to finish the process.

Report this User

Report this user for behavior that violates our Community Guidelines.

Details: